[Event "Ruhrgebiet Verbandsliga Gruppe 2 1819"]
[Site "Nordrheinwestfalen"]
[Date "2018.10.07"]
[Round "2.4"]
[White "Wittmann, Rainer"]
[Black "Huette, Stefan"]
[Result "1/2-1/2"]
[WhiteElo "2013"]
[BlackElo "2041"]
[PlyCount "31"]
[EventDate "2018.09.23"]
[EventType "team-tourn"]
[EventRounds "9"]
[EventCountry "GER"]
[SourceTitle "EXT 2022"]
[Source "ChessBase"]
[SourceDate "2021.10.06"]
[SourceVersion "1"]
[SourceVersionDate "2021.10.06"]
[SourceQuality "1"]
[WhiteTeam "Dortmund SV"]
[BlackTeam "Essen Werden"]
[WhiteTeamCountry "GER"]
[BlackTeamCountry "GER"]

1. e4 d5 2. exd5 Nf6 3. Nc3 Nxd5 4. Bc4 Nxc3 5. Qf3 e6 6. dxc3 Bd6 7. Qh5 Qf6 8. Nf3 Qg6 9. Qxg6 hxg6 10. Be3 Bd7 11. Bd4 Bc6 12. Be2 Rg8 13. 0-0-0 Nd7 14. Rhe1 0-0-0 15. g3 Be7 16. Ne5 1/2-1/2

[Event "Ruhrgebiet Verbandsliga Gruppe 1 1718"]
[Site "Germany"]
[Date "2017.11.05"]
[Round "3.5"]
[White "Huette, Stefan"]
[Black "Sondermann, Dirk"]
[Result "1-0"]
[WhiteElo "1982"]
[BlackElo "1803"]
[PlyCount "77"]
[EventDate "2017.09.17"]
[EventType "team-tourn"]
[EventRounds "9"]
[EventCountry "GER"]
[SourceTitle "EXT 2022"]
[Source "ChessBase"]
[SourceDate "2021.10.06"]
[SourceVersion "1"]
[SourceVersionDate "2021.10.06"]
[SourceQuality "1"]
[WhiteTeam "Essen Werden"]
[BlackTeam "Annen Sport Union"]
[WhiteTeamCountry "GER"]
[BlackTeamCountry "GER"]

1. d4 d5 2. Bg5 Nc6 3. Nf3 Bg4 4. Nbd2 f6 5. Bf4 e6 6. c3 Bd6 7. Bg3 Nge7 8. Qa4 0-0 9. e3 a6 10. Bd3 Qd7 11. Qc2 f5 12. Bf4 h6 13. h3 Bxf3 14. Nxf3 Bxf4 15. exf4 Ng6 16. g3 Rac8 17. Qe2 Rfe8 18. 0-0 Nd8 19. h4 Nf7 20. Rfe1 Nd6 21. h5 Nf8 22. Ne5 Qd8 23. f3 Qf6 24. Qf2 Nf7 25. Qh2 Nxe5 26. Rxe5 Nd7 27. Re2 c5 28. dxc5 e5 29. Rae1 e4 30. fxe4 fxe4 31. Bc2 Nxc5 32. Rd1 Red8 33. Red2 Kh8 34. Qh3 Qb6 35. Kh1 Qc6 36. Rxd5 Rxd5 37. Rxd5 Re8 38. Qf5 b5 39. Rxc5 1-0

[Event "Ruhrgebiet Verbandsliga Gruppe 2 1617"]
[Site "Germany"]
[Date "2017.01.29"]
[Round "6.4"]
[White "Huette, Stefan"]
[Black "Pruess, Wilfried"]
[Result "0-1"]
[WhiteElo "2009"]
[BlackElo "2066"]
[PlyCount "88"]
[EventDate "2016.09.04"]
[EventType "team-tourn"]
[EventRounds "9"]
[EventCountry "GER"]
[SourceTitle "EXT 2022"]
[Source "ChessBase"]
[SourceDate "2021.10.06"]
[SourceVersion "1"]
[SourceVersionDate "2021.10.06"]
[SourceQuality "1"]
[WhiteTeam "Essen Werden"]
[BlackTeam "Hamm Koenigsspringer"]
[WhiteTeamCountry "GER"]
[BlackTeamCountry "GER"]

1. d4 Nf6 2. Bg5 e6 3. Nf3 d5 4. e3 Be7 5. Nbd2 0-0 6. Bd3 h6 7. Bh4 Nbd7 8. 0-0 c5 9. c3 b6 10. Ne5 Nxe5 11. dxe5 Nd7 12. Bxe7 Qxe7 13. f4 f5 14. Rf3 Rd8 15. Rg3 Qf7 16. Be2 Nf8 17. Bh5 Qd7 18. Rh3 Bb7 19. Qe1 Rac8 20. Rd1 b5 21. Qg3 d4 22. exd4 cxd4 23. Nb3 b4 24. Rxd4 Qc6 25. Bf3 Qb6 26. Bxb7 Rxd4 27. cxd4 Qxb7 28. Nc5 Qd5 29. Nb3 Qe4 30. Qd3 Qxf4 31. Rf3 Qh4 32. g3 Qd8 33. Rf2 Qd5 34. Rc2 Rxc2 35. Qxc2 a5 36. Qc5 Qe4 37. Qxa5 Qe1+ 38. Kg2 f4 39. gxf4 Ng6 40. Qd8+ Kh7 41. Kf3 Nh4+ 42. Kg4 Nf5 43. Qa8 Qe2+ 44. Kh3 h5 0-1

[Event "Ruhrgebiet Verbandsliga Gruppe 2 1516"]
[Site "Germany"]
[Date "2015.09.06"]
[Round "1.5"]
[White "Huette, Stefan"]
[Black "Stremmel, Ralf"]
[Result "1/2-1/2"]
[WhiteElo "1991"]
[BlackElo "2064"]
[PlyCount "34"]
[EventDate "2015.09.06"]
[EventType "team-tourn"]
[EventRounds "9"]
[EventCountry "GER"]
[SourceTitle "EXT 2022"]
[Source "ChessBase"]
[SourceDate "2021.10.06"]
[SourceVersion "1"]
[SourceVersionDate "2021.10.06"]
[SourceQuality "1"]
[WhiteTeam "Essen Werden"]
[BlackTeam "Katernberg SF III"]
[WhiteTeamCountry "GER"]
[BlackTeamCountry "GER"]

1. e4 e6 2. d4 b6 3. Bd3 Bb7 4. Nc3 Nf6 5. Nf3 Bb4 6. Qe2 d5 7. exd5 Nxd5 8. Bd2 Nd7 9. Nxd5 Bxd2+ 10. Nxd2 Bxd5 11. c4 Bb7 12. Be4 Bxe4 13. Nxe4 Nf6 14. Rd1 0-0 15. 0-0 c6 16. Rd2 Nxe4 17. Qxe4 Qc7 1/2-1/2

[Event "Ruhrgebiet Verbandsliga Gruppe 2 1415"]
[Site "Germany"]
[Date "2014.12.14"]
[Round "4"]
[White "Boehm, Joachim"]
[Black "Huette, Stefan"]
[Result "1-0"]
[WhiteElo "2198"]
[BlackElo "2030"]
[PlyCount "95"]
[EventDate "2014.09.21"]
[EventType "team-tourn"]
[EventRounds "9"]
[EventCountry "GER"]
[SourceTitle "EXT 2022"]
[Source "ChessBase"]
[SourceDate "2021.10.06"]
[SourceVersion "1"]
[SourceVersionDate "2021.10.06"]
[SourceQuality "1"]
[WhiteTeam "Bottrop SV"]
[BlackTeam "Essen Werden"]
[WhiteTeamCountry "GER"]
[BlackTeamCountry "GER"]

1. e4 e6 2. d4 d5 3. Nd2 dxe4 4. Nxe4 Qd5 5. Nc3 Bb4 6. Nf3 Bd7 7. Bd3 Nf6 8. 0-0 Bxc3 9. bxc3 Bb5 10. Qe2 Bxd3 11. cxd3 0-0 12. Rb1 b6 13. Bf4 c6 14. Be5 Nbd7 15. c4 Qa5 16. Bd6 Rfc8 17. Ne5 Nxe5 18. Bxe5 Nd7 19. Bd6 Qf5 20. Qe4 Qg6 21. f4 c5 22. Qe2 cxd4 23. Rf3 Qf6 24. Rb5 Rc6 25. Be5 Nxe5 26. Rxe5 Rc5 27. Qe4 Qd8 28. f5 Rxe5 29. Qxe5 exf5 30. Rxf5 Qd7 31. Qf4 Re8 32. h3 Qe6 33. Rd5 Qe1+ 34. Kh2 h6 35. Rxd4 Re6 36. Rd6 Rxd6 37. Qxd6 Qd2 38. d4 Qxa2 39. c5 Qa3 40. Qd8+ Kh7 41. c6 Qe3 42. Qd6 Qf2 43. c7 Qf5 44. Qe5 Qd7 45. Qe4+ f5 46. Qc2 Qc8 47. d5 g5 48. d6 1-0

[Event "NRW Verbandsliga Group1 1314"]
[Site "Nordrheinwestfalen"]
[Date "2014.02.16"]
[Round "7"]
[White "Huette, Stefan"]
[Black "Aranovsky, Mikhail"]
[Result "1/2-1/2"]
[WhiteElo "2018"]
[BlackElo "1850"]
[PlyCount "92"]
[EventDate "2013.09.08"]
[EventType "team-tourn"]
[EventRounds "9"]
[EventCountry "GER"]
[SourceTitle "EXT 2020"]
[Source "ChessBase"]
[SourceDate "2019.10.17"]
[SourceVersion "1"]
[SourceVersionDate "2019.10.17"]
[SourceQuality "1"]
[WhiteTeam "Essen Werden"]
[BlackTeam "Bochum SC an der Uni"]
[WhiteTeamCountry "GER"]
[BlackTeamCountry "GER"]

1. d4 d6 2. Nf3 f5 3. Nc3 Nf6 4. Bg5 g6 5. h3 Bg7 6. Qd3 c6 7. 0-0-0 b5 8. Bxf6 Bxf6 9. e4 b4 10. Ne2 Ba6 11. Qe3 fxe4 12. Qxe4 d5 13. Qe3 Bxe2 14. Bxe2 Nd7 15. g4 Qc7 16. g5 Bg7 17. Rhe1 0-0 18. Kb1 e5 19. dxe5 Nxe5 20. Nxe5 Bxe5 21. Bg4 Bg7 22. Qc5 Rae8 23. Be6+ Kh8 24. Bxd5 Qf4 25. Bxc6 Rxe1 26. Rxe1 Qxf2 27. Qxf2 Rxf2 28. a4 bxa3 29. bxa3 Bf8 30. Re8 Kg7 31. a4 a5 32. Re4 Rf5 33. h4 h6 34. gxh6+ Kxh6 35. Be8 Bg7 36. Rg4 Rf6 37. Rg5 Rb6+ 38. Bb5 Bf6 39. Rd5 Bxh4 40. c4 g5 41. c5 Rb7 42. Rd6+ Kg7 43. c6 Rc7 44. Bd3 Kf8 45. Bf5 Bg3 46. Rg6 Rg7 1/2-1/2

[Event "Ruhrgebiet Regionalliga 1112"]
[Site "Nordrheinwestfalen"]
[Date "2011.09.25"]
[Round "1.6"]
[White "Olf, Hans Helmut"]
[Black "Huette, Stefan"]
[Result "1/2-1/2"]
[WhiteElo "2032"]
[BlackElo "1954"]
[PlyCount "38"]
[EventDate "2011.09.25"]
[EventType "team-tourn"]
[EventRounds "9"]
[EventCountry "GER"]
[SourceTitle "EXT 2020"]
[Source "ChessBase"]
[SourceDate "2019.10.17"]
[SourceVersion "1"]
[SourceVersionDate "2019.10.17"]
[SourceQuality "1"]
[WhiteTeam "Welper SV"]
[BlackTeam "Hattingen"]
[WhiteTeamCountry "GER"]
[BlackTeamCountry "GER"]

1. Nf3 d6 2. d4 Bg4 3. Qd3 Qc8 4. e4 Nd7 5. Nbd2 e6 6. b3 Ne7 7. Bb2 d5 8. c4 dxe4 9. Nxe4 Ng6 10. c5 Bf5 11. Nfd2 Be7 12. Qf3 Nf6 13. Nxf6+ Bxf6 14. g4 Nh4 15. Qg3 Bg6 16. g5 Nf5 17. Qf4 Be7 18. Bg2 c6 19. Ne4 Qb8 1/2-1/2

[Event "Ruhrgebiet VK1 0910"]
[Site "Ruhrgebiet"]
[Date "2010.01.10"]
[Round "5.5"]
[White "Mewes, Karsten"]
[Black "Huette, Stefan"]
[Result "1-0"]
[WhiteElo "2063"]
[BlackElo "2053"]
[PlyCount "57"]
[EventDate "2009.09.06"]
[EventType "team"]
[EventRounds "9"]
[EventCountry "GER"]
[SourceTitle "EXT 2011"]
[Source "ChessBase"]
[SourceDate "2010.11.26"]
[SourceVersion "1"]
[SourceVersionDate "2010.11.26"]
[SourceQuality "1"]
[WhiteTeam "Castrop Rauxel II"]
[BlackTeam "Hattingen"]
[WhiteTeamCountry "GER"]
[BlackTeamCountry "GER"]

1. Nf3 d5 2. c4 d4 3. d3 Nc6 4. g3 e5 5. Bg2 Nf6 6. 0-0 a5 7. e3 Be7 8. exd4 exd4 9. Bf4 0-0 10. Na3 Ne8 11. Re1 Be6 12. Nc2 Bf6 13. Ne5 Nxe5 14. Bxe5 Bxe5 15. Rxe5 c6 16. Qd2 Nf6 17. Qf4 Nd7 18. Re2 Nc5 19. Rd1 Qb6 20. Nxd4 Nxd3 21. Rxd3 Bxc4 22. Be4 Bxd3 23. Bxd3 Qb4 24. Qf5 g6 25. Qf6 Rfe8 26. Nf5 gxf5 27. Qg5+ Kf8 28. Qh6+ Kg8 29. Bxf5 1-0